Statystyki dla Podstawowe jednostki Układu SI

Kliknij tutaj aby rozwiązać quiz!

Ogólne statystyki

  • Ten quiz został rozwiązany 151 razy
  • Średni wynik to 5 z 7

Statystyki odpowiedzi

miarajednostka% Poprawnych
masakilogram
99%
długośćmetr
99%
czassekunda
98%
prąd elektrycznyamper
78%
temperaturakelwin
74%
liczność materiimol
51%
światłośćkandela
37%

Rozkład punktacji

Percentyl według liczby udzielonych odpowiedzi

Procent ludzi z każdym wynikiem

Twoja historia wyników

Nie rozwiązałeś tego quizu